000 00488nam a22002057a 4500
001 22169
005 20260401101138.0
008 260401b |||||||| |||| 00| 0 spa d
041 _aESP
082 _a346C4
_bZ47 2006 T. 2
100 _aZavaleta Carruitero, Wilvelder
_eAUT
245 _aCódigo civil
260 _a :
_b ,
_c2006
300 _a708-1370 páginas :
_b ;
_c24 cm.
440 _a ;
650 _aDER
654 _aCDE
700 _a;
942 _cLIB
_dJUS
_fJUS
_n0
_2ddc
999 _c22169
_d22169